La Californie en images - Statistiques

Statistiques générales
  • Ce quiz a été pris 6 960 fois
    6 899 depuis la dernière actualisation
  • Le résultat moyen est 12 sur 18
Statistiques - réponses
Par images Hint Réponse % Correct
Animal Grizzly de Californie
96%
Ville Los Angeles
96%
Récompense Oscar
91%
Actrice Marilyn Monroe
89%
Chanteuse Katy Perry
78%
Île Île d'Alcatraz
77%
Pont Pont du Golden Gate
77%
Film Vice-versa
76%
Marque Vans
74%
Lieu d'accueil d'entreprises Silicon Valley
64%
Parc d'attractions Disneyland Park
61%
Faille géologique Faille de San Andreas
54%
Capitale Sacramento
51%
Homme Politique Richard Nixon
50%
Avenue Hollywood Boulevard
48%
Film Once Upon a Time… in Hollywood
48%
Équipe sportive Warriors de Golden State
44%
Parc national Parc national de Yosemite
42%
Aucun quiz correspondant
Distribution des résultats
% des personnes avec chaque résultat
Percentile par nombre de réponses
Votre historique - résultats
Vous n’avez pas pris ce quiz depuis la dernière actualisation